01291nam a2200289 a 4500001001000000005001700010008004100027041000800068044000700076084002000083100004500103245008000148260003700228300001700265500011400282500009600396500014400492500004400636500000900680546002400689650005200713650005600765650003400821650004500855700005100900740005000951BRCA_295320190320204037.0161208s1877----gw-#---###---#000-0#ger-u ager agw a296b.R44c18771 aCervantes Saavedra, Miguel ded1547-161610aDer Scharfsinnige Junker Don Quijote von der Manchacvon Michael Cervantes. aLeipzigbPhillip Reclamc[1877?] a2 v.c12 cm. aContenido : v 1. Primera parte. Prólogo del autor. Texto. -- v 2. Segunda parte. Prólogo del autor. Texto aEdición : Aus dem Spanischen von D. W. Soltau. In Völlig Neuer Bearbeitung von W. Lange aTraducción de Soltau, revisada y corregida con acierto en algunos pasajes por Lange. Tela; lomeras decoradas con dorados Lúdovik Osterc aCon ex-libris de : A. Cotarelo Valledor aQMB9 aTexto en : alemán14aNovela españolayÉpoca clásica, 1500-170014aLiteratura españolayÉpoca clásica, 1500-170014aNovela españolaySiglo XVII14aDon Quijote (Personaje ficticio)eNovela1 aWilhelm Soltau, Dietrichd1745-1827eTraductor0 aEl Ingenioso Hidalgo Don Quijote de la Mancha